000 00736nam a2200217Ia 4500
001 18111
003 GE_BSU
008 181216s||||||||xx |||||||||||||| ||und||
040 _cGE_BSU
080 _a811.353.1(063)+94(=353.1)
245 _aქართველური მემკვიდრეობა. X
245 _cმთავ. რედ. ტ.ფუტკარაძე.
260 _aქუთაისი
260 _bქუთაისის სახ. უნ-ტი
260 _c2006
300 _a387გვ. 24სმ.
520 _aგარეკანზე სათ. რუს. ენ.
541 _h15ლ.
653 _aქართველური მემკვიდრეობა. X
942 _cBK
999 _c51153
_d51153